000 00447nam a22001697a 4500
003 OSt
005 20260505084701.0
008 260505b |||||||| |||| 00| 0 eng d
040 _aDWCL-Main lib
_cOC
082 _aFic. H439 1944
100 _aHershey, John
245 _aA bell for adano /
_cJohn Hershey
260 _aNew York :
_bAlfred A. Knopf.,
_cc1944.
300 _a269 p. ;
_c19 cm.
504 _a1.Fiction.
942 _2ddc
_cFIC.
_mFic.
_n0
999 _c10264
_d10264